000 00665nam a2200229Ia 4500
003 OSt
005 20220928123116.0
006 a|||||r|||| 00| 0
007 ta
008 220927b |||||||| |||| 00| 0 eng d
024 _a29309
037 _cReference Collections
040 _aSDCL
_cSDCL
_beng
041 _2eng
_aeng
082 _aP113:4K, 152N1.1-2 RR
100 _aBhati Gulab
_9460302
245 0 _aDeutsch-Hindi Sprichworterbuch.
260 _aJodh
_bPur German Vidhypith Publication
_c1991
300 _axix,432p
_ccm.
942 _hP113:4K, 152N1.1-2 RR
_cREF
_2CC
999 _c773516
_d773516